[Event "FRA-chT4 0506"]
[Site "France"]
[Date "2006.??.??"]
[Round "7"]
[White "Ferrero, Marjorie"]
[Black "Lesserteur, Steve"]
[Result "0-1"]
[WhiteElo "1220"]
[BlackElo "1260"]
[PlyCount "42"]
[EventDate "2005.10.02"]
[EventType "team"]
[EventRounds "9"]
[EventCountry "FRA"]
[SourceTitle "EXT 2007"]
[Source "ChessBase"]
[SourceDate "2006.11.23"]
[SourceVersion "1"]
[SourceVersionDate "2006.11.23"]
[SourceQuality "1"]

1. e4 e5 2. Nf3 Nc6 3. Nc3 Nf6 4. d3 Bc5 5. Be2 d6 6. 0-0 0-0 7. Bg5 h6 8. Bxf6 Qxf6 9. Nd5 Qd8 10. Nd2 Be6 11. Nc3 Qf6 12. Bf3 Nd4 13. a3 Nxf3+ 14. Qxf3 Qg6 15. h3 f5 16. Qe2 fxe4 17. Ncxe4 Bxh3 18. g3 Bxf1 19. Kxf1 Rf5 20. b4 Bd4 21. g4 Rf4 0-1